000 00312nam a2200121Ia 4500
008 230303s9999 xx 000 0 und d
041 _aeng
082 _a004.16 VAH
100 _aSoftware Introduction
245 _aEmbedded System Design : A United, Hardware
260 _aNEW YORK
_bWiley India
365 _cRS
999 _c182103
_d182103